|
|
|
|
| LEADER |
00932nab a2200265 i 4500 |
| 001 |
publ6339 |
| 005 |
20180829110629.0 |
| 008 |
160217s2015 hu o 0|| zxx d |
| 022 |
|
|
|a 0133-3720
|
| 024 |
7 |
|
|a 10.1556/0806.43.2015.3.8
|2 doi
|
| 024 |
7 |
|
|a 3016460
|2 mtmt
|
| 040 |
|
|
|a SZTE Publicatio Repozitórium
|b hun
|
| 041 |
|
|
|a zxx
|
| 100 |
1 |
|
|a Majzik Andrea
|
| 245 |
1 |
0 |
|a Sensitive detection of aflatoxin B1 molecules on gold SPR chip surface using functionalized gold nanoparticles
|h [elektronikus dokumentum] /
|c Majzik Andrea
|
| 260 |
|
|
|a Akadémiai Kiadó
|c 2015
|
| 300 |
|
|
|a 426-437
|
| 490 |
0 |
|
|a CEREAL RESEARCH COMMUNICATIONS
|v 43 No. 3
|
| 700 |
0 |
1 |
|a Hornok Viktória
|e aut
|
| 700 |
0 |
1 |
|a Sebők Dániel
|e aut
|
| 700 |
0 |
1 |
|a Bartók Tibor
|e aut
|
| 700 |
0 |
1 |
|a Szente Lajos
|e aut
|
| 700 |
0 |
1 |
|a Tuza K.
|e aut
|
| 700 |
0 |
1 |
|a Dékány Imre
|e aut
|
| 856 |
4 |
0 |
|u http://publicatio.bibl.u-szeged.hu/6339/1/Majzik_Cereal_u.pdf
|z Dokumentum-elérés
|